000 00584cam a22001097a 4500
008 180718b1922 xxu||||| |||| 00| 0 eng d
082 _aD81x54 In2
245 _aReport of the deputation appointed to investigate local conditions in British Guiana, to examine the suitability on the colonization scheme prepared by the reprasentatives of British Guiana, 1921
_cby Department of Revenue and Agriculture (Emigration)
260 _aNew Delhi
_bDepartment of Revenue and Agriculture (Emigration)
_c1922
300 _a228+p.
700 _aIndia. Department of Revenue and Agriculture (Emigration)
999 _c490282
_d490282